[Event "MNE-ch 76th"]
[Site "Podgorica"]
[Date "2024.02.15"]
[Round "11"]
[White "Grbovic, Dino"]
[Black "Popovic, Nikola"]
[Result "1-0"]
[WhiteElo "1946"]
[BlackElo "1433"]
[PlyCount "69"]
[EventDate "2024.02.06"]
[EventType "swiss"]
[EventRounds "11"]
[EventCountry "MNE"]
[SourceTitle "CBM 218 Extra"]
[Source "ChessBase"]
[SourceDate "2024.03.31"]
[SourceVersion "1"]
[SourceVersionDate "2024.03.31"]
[SourceQuality "1"]

1. d4 d5 2. c4 Nc6 3. cxd5 Qxd5 4. Nf3 Bg4 5. Nc3 Qd6 6. e3 0-0-0 7. Be2 a6 8. a3 Qg6 9. b4 Bxf3 10. Bxf3 Ne5 11. 0-0 Nxf3+ 12. Qxf3 Nf6 13. Bb2 Qc2 14. Rab1 e6 15. Rfc1 Qf5 16. Qe2 Kb8 17. Rc2 Qh5 18. f3 Bd6 19. g3 Rd7 20. e4 Be7 21. e5 Nd5 22. Ne4 Qf5 23. Bc1 c6 24. Bd2 Nc7 25. g4 Qg6 26. Be3 f5 27. exf6 gxf6 28. Nc5 Bxc5 29. bxc5 Nd5 30. Bf2 f5 31. Qe5+ Ka7 32. Qxh8 f4 33. Rcb2 Rc7 34. Qd8 h5 35. Qxc7 1-0

[Event "MNE-ch 76th"]
[Site "Podgorica"]
[Date "2024.02.14"]
[Round "10"]
[White "Krstonijevic, Stjepan"]
[Black "Grbovic, Dino"]
[Result "1-0"]
[WhiteElo "2108"]
[BlackElo "1946"]
[PlyCount "89"]
[EventDate "2024.02.06"]
[EventType "swiss"]
[EventRounds "11"]
[EventCountry "MNE"]
[SourceTitle "CBM 218 Extra"]
[Source "ChessBase"]
[SourceDate "2024.03.31"]
[SourceVersion "1"]
[SourceVersionDate "2024.03.31"]
[SourceQuality "1"]

1. d4 Nf6 2. Nc3 d5 3. Bf4 g6 4. Qd2 Bf5 5. h3 h5 6. e3 Bg7 7. Bd3 Bxd3 8. Qxd3 c6 9. Nf3 Nbd7 10. 0-0 0-0 11. Ne5 Nxe5 12. Bxe5 Nd7 13. Bxg7 Kxg7 14. e4 dxe4 15. Nxe4 Nf6 16. Rfe1 Nxe4 17. Qxe4 e6 18. Qe5+ Qf6 19. c3 Rfd8 20. Qc7 Rab8 21. Re3 Rdc8 22. Qa5 a6 23. Rae1 Qd8 24. Qe5+ Qf6 25. Qg3 Qd8 26. Rxe6 fxe6 27. Rxe6 Qf6 28. Rxf6 Kxf6 29. Qd6+ Kf7 30. Kh2 Rf8 31. Qc7+ Ke6 32. Kg3 Kd5 33. Qe5+ Kc4 34. Qe2+ Kd5 35. Qe5+ Kc4 36. Qe2+ Kd5 37. Qc2 Rf5 38. Qb3+ Kd6 39. f3 Rf6 40. h4 Re6 41. Qb6 Re7 42. c4 Re2 43. d5 g5 44. dxc6 gxh4+ 45. Kh3 1-0

[Event "MNE-ch 76th"]
[Site "Podgorica"]
[Date "2024.02.11"]
[Round "7"]
[White "Grbovic, Dino"]
[Black "Scekic, Veljko"]
[Result "1/2-1/2"]
[WhiteElo "1946"]
[BlackElo "2206"]
[PlyCount "37"]
[EventDate "2024.02.06"]
[EventType "swiss"]
[EventRounds "11"]
[EventCountry "MNE"]
[SourceTitle "CBM 218 Extra"]
[Source "ChessBase"]
[SourceDate "2024.03.31"]
[SourceVersion "1"]
[SourceVersionDate "2024.03.31"]
[SourceQuality "1"]

1. d4 Nf6 2. c4 g6 3. Nc3 d5 4. Nf3 Bg7 5. Qb3 dxc4 6. Qxc4 c6 7. e4 0-0 8. Be2 b5 9. Qd3 Be6 10. 0-0 Nbd7 11. Ng5 Bc4 12. Qh3 Bxe2 13. Nxe2 h6 14. Nf3 Nxe4 15. Bxh6 Ndf6 16. Ng3 Nxg3 17. hxg3 Qc8 18. Bxg7 Kxg7 19. Qxc8 1/2-1/2

[Event "MNE-ch 76th"]
[Site "Podgorica"]
[Date "2024.02.07"]
[Round "2"]
[White "Janketic, Milos"]
[Black "Grbovic, Dino"]
[Result "0-1"]
[WhiteElo "1401"]
[BlackElo "1946"]
[PlyCount "58"]
[EventDate "2024.02.06"]
[EventType "swiss"]
[EventRounds "11"]
[EventCountry "MNE"]
[SourceTitle "CBM 218 Extra"]
[Source "ChessBase"]
[SourceDate "2024.03.31"]
[SourceVersion "1"]
[SourceVersionDate "2024.03.31"]
[SourceQuality "1"]

1. e4 e6 2. d4 d5 3. Nd2 c5 4. Ngf3 cxd4 5. exd5 Qxd5 6. Nb3 Nc6 7. Nbxd4 Nxd4 8. Qxd4 Qxd4 9. Nxd4 a6 10. Bc4 Nf6 11. 0-0 Be7 12. a4 0-0 13. Re1 Rd8 14. Nf3 Bd7 15. Ne5 Be8 16. Be3 Nd5 17. Bd3 Bf6 18. Ng4 Bxb2 19. Rab1 Bc3 20. Re2 h5 21. Nh6+ gxh6 22. Bxh6 Bg7 23. Bxg7 Kxg7 24. Rxb7 Rab8 25. Bxa6 Rxb7 26. Bxb7 Rb8 27. Re1 Rxb7 28. a5 Ra7 29. Ra1 Bb5 0-1

[Event "MNT-ch 75th"]
[Site "Podgorica"]
[Date "2023.02.10"]
[Round "6"]
[White "Grbovic, Dino"]
[Black "Malisic, Miroslav"]
[Result "1/2-1/2"]
[WhiteElo "1557"]
[BlackElo "1825"]
[PlyCount "92"]
[EventDate "2023.02.05"]
[EventType "swiss"]
[EventRounds "9"]
[EventCountry "MNE"]
[SourceTitle "CBM 212 Extra"]
[Source "ChessBase"]
[SourceDate "2023.03.31"]
[SourceVersion "1"]
[SourceVersionDate "2023.03.31"]
[SourceQuality "1"]

1. e4 d5 2. exd5 Qxd5 3. Nc3 Qa5 4. g3 Bd7 5. d4 e6 6. Bg2 Bc6 7. Nf3 Nd7 8. a3 0-0-0 9. Rb1 Qh5 10. 0-0 e5 11. Nxe5 Qxd1 12. Rxd1 Nxe5 13. dxe5 Rxd1+ 14. Nxd1 Bd7 15. Ne3 Bc5 16. Kf1 Ne7 17. c4 Nc6 18. Bxc6 Bxc6 19. b4 Bd4 20. f4 Rd8 21. Ke2 f5 22. Rb3 Be4 23. Bb2 c5 24. bxc5 Bxc5 25. a4 b6 26. Ba3 Bxe3 27. Kxe3 Bc2 28. Rc3 Bxa4 29. c5 b5 30. Bb4 Kb7 31. Rd3 Rxd3+ 32. Kxd3 Bb3 33. Kd4 Kc6 34. h3 h5 35. h4 Be6 36. Bc3 g6 37. Bb4 a6 38. Bc3 b4 39. Bxb4 Kb5 40. Bc3 a5 41. Bd2 a4 42. Bc3 a3 43. Bd2 Bb3 44. Bc3 Be6 45. Ba1 Kb4 46. Bc3+ Kb5 1/2-1/2

[Event "MNT-ch 75th"]
[Site "Podgorica"]
[Date "2023.02.09"]
[Round "5"]
[White "Musovic, Armin"]
[Black "Grbovic, Dino"]
[Result "1-0"]
[WhiteElo "2243"]
[BlackElo "1557"]
[PlyCount "57"]
[EventDate "2023.02.05"]
[EventType "swiss"]
[EventRounds "9"]
[EventCountry "MNE"]
[SourceTitle "CBM 212 Extra"]
[Source "ChessBase"]
[SourceDate "2023.03.31"]
[SourceVersion "1"]
[SourceVersionDate "2023.03.31"]
[SourceQuality "1"]

1. e4 d6 2. d4 Nf6 3. Nc3 g6 4. Bg5 c6 5. a3 Nbd7 6. f4 d5 7. e5 Ne4 8. Nxe4 dxe4 9. Qe2 f6 10. exf6 exf6 11. Qxe4+ Kf7 12. Bh4 Bxa3 13. Qf3 Re8+ 14. Be2 Bd6 15. Nh3 Qe7 16. Kf2 Nb6 17. Rhe1 Kg7 18. Bc4 Qf8 19. Rxe8 Qxe8 20. Re1 Qf8 21. Be6 Bxe6 22. Rxe6 Nd7 23. f5 g5 24. Nxg5 Nc5 25. Rxf6 Qxf6 26. Ne6+ Nxe6 27. Bxf6+ Kxf6 28. fxe6+ Kxe6 29. Qe4+ 1-0